00787cam a2200229Mi 450000500170000000800410001702000180005803500210007604000440009704100080014124500960014926000480024530000180029350000210031154600230033265000370035565000300039265000210042265000260044365000480046970000400051720160516101625.0160516t20152015fr frb 001 0 fre d a9782370200334 a(OCoLC)902776626 aCo-BoUCMbspacSaul NiñodSaul Niño0 afre03aLa psychanalyse à l'épreuve de la guerrecsous la direction de Marie-Hélène Brousse aParís (Francia)bBerg internationalc2015 a263 páginas aIncluye índice aTexto en francés 7aGuerra xAspectos psicológicos 7aComportamiento colectivo  7aPsicoanálisis  7aSociología militar  7aGuerra y sociedad xAspectos psicológicos1 aBrousse, Marie-Hélèneedirector